000 00333nam a22001457a 4500
008 230606b ||||| |||| 00| 0 eng d
020 _a9780314068627
041 _aeng
080 _a34
082 _a34FAR
100 _a32
101 _aJURE
245 _aCASES AND MATERIALS ON CONSTITUTIONAL LAW
_cFARBER.A.D
942 _2udc
_cBK
999 _c59922
_d59922